000 01159cam a2200265 i 4500
003 SA-RiAUC
005 20241119064348.0
008 241118s2002 su g 00010 ara c
040 _aSA-JeALM
_bara
_cSA-RiAUC
_erda
082 0 4 _a257.5
_qSA-RiAUC
090 _a257.5
_bأ ب و و
100 1 _aأبو الوليد الباجي، سليمان بن خلف بن سعد،
_d403-474 هجري
_eمؤلف.
245 1 0 _aفصول الأحكام وبيان ما مضى عليه العمل عند الفقهاء والحكام /
_cسليمان بن خلف أبو الوليد الباجي ؛ تحقيق وتقديم محمد أبو الأجفان.
250 _aالطبعة الأولى.
264 1 _aالرياض :
_bمكتبة التوبة،
_c2002
300 _a311 صفحة ؛
_c24 سم
336 _aنص
_btxt
_2rdacontent
_3كتاب
337 _aبدون وسيط
_bn
_2rdamedia
338 _aمجلد
_bnc
_2rdacarrier
650 7 _aالقضاء في الإسلام
_2aucsh
650 7 _aالقضاء
_2aucsh
700 1 _aأبو الأجفان، محمد،
_d1936-2006
_eمحقق.
942 _2ddc
_cBOOK
_n0
949 _aSA-JeALM
_d241118
_umohamedma123
_n1
999 _c2486
_d2486